000 00677nam a22002057a 4500
003 DO-SdBNP
005 20211019133527.0
008 201126b 2007 dr 00| 0 eng d
040 _aDO-SdBNP
_bspa
_cBNPHU
082 4 _222
100 1 _aJiménez Coronado, Ramón,
_d1960-
_977439
245 1 0 _aMiradas /
_cRamón Jiménez Coronado ; prólogo César Ignacio Ballenilla Castro.
260 _aSanto Domingo :
_bs.n.,
_c2007.
300 _a46 p. ;
_c22 cm.
500 _aIncluye datos biográficos del autor en la contracubierta.
590 _aInventariado, 2020 /LP
700 1 _aBallenilla Castro, César Ignacio,
_epról.
_977440
910 _aLopérez
942 _2ddc
_cLBS1
999 _c49213
_d49213